Diccionario de Filosofía. (Registro nro. 57538)

Detalles MARC
000 -LEADER
campo de control de longitud fija 02081cam a22005174i 4500
003 - IDENTIFICADOR DE NÚMERO DE CONTROL
campo de control PE-LiUPU
005 - FECHA Y HORA DE LA ÚLTIMA TRANSACCIÓN
campo de control 20250731165630.0
008 - DATOS DE LONGITUD FIJA--INFORMACIÓN GENERAL
campo de control de longitud fija 150616s r 000 0 d
020 ## - NÚMERO INTERNACIONAL ESTÁNDAR DEL LIBRO
Número Internacional Estándar del Libro 8420652024
035 ## - NÚMERO DE CONTROL DEL SISTEMA
Número de control de sistema (Sirsi) i9788420652023
040 ## - FUENTE DE CATALOGACIÓN
Centro catalogador/agencia de origen PE-LiUPU
Lengua de catalogación spa
Centro/agencia transcriptor PE-LiUPU
Normas de descripción rda
049 ## - FONDOS LOCALES (OCLC)
Biblioteca depositaria PRUA
082 04 - NÚMERO DE LA CLASIFICACIÓN DECIMAL DEWEY
Número de clasificación 103d
Cutter F39
Número de edición 21
100 1# - ENTRADA PRINCIPAL--NOMBRE DE PERSONA
Nombre de persona Ferrater Mora, José,
Fechas asociadas al nombre 1912-1991,
Término indicativo de función/relación autor.
245 10 - MENCIÓN DEL TÍTULO
Título Diccionario de Filosofía.
Número de parte o sección de la obra 2 /
Mención de responsabilidad, etc. José Ferrater Mora.
264 #1 - PRODUCCIÓN, PUBLICACIÓN, DISTRIBUCIÓN, FABRICACIÓN Y COPYRIGHT
Producción, publicación, distribución, fabricación y copyright Barcelona :
Nombre del de productor, editor, distribuidor, fabricante Alianza Editorial, S.A.,
Fecha de producción, publicación, distribución, fabricación o copyright 1986.
300 ## - DESCRIPCIÓN FÍSICA
Extensión 1836 páginas :
Otras características físicas 23 cm.
336 ## - TIPO DE CONTENIDO
Término de tipo de contenido text
Fuente rdacontent
337 ## - TIPO DE MEDIO
Nombre/término del tipo de medio unmediated
Fuente rdamedia
338 ## - TIPO DE SOPORTE
Nombre/término del tipo de soporte volume
Fuente rdacarrier
505 0# - NOTA DE CONTENIDO CON FORMATO
Nota de contenido con formato Significado de palabras comunmente usadas en filosofía de la letra E-J Diccionarios.
526 ## - NOTA DE INFORMACIÓN SOBRE EL PROGRAMA DE ESTUDIO
Nombre del programa Segunda Especialidad En Estadística Aplicada Para Investigación (A Distancia)
526 ## - NOTA DE INFORMACIÓN SOBRE EL PROGRAMA DE ESTUDIO
Nombre del programa Segunda Especialidad En Estadística Aplicada Para Investigación
526 ## - NOTA DE INFORMACIÓN SOBRE EL PROGRAMA DE ESTUDIO
Nombre del programa Ingeniería De Ciberseguridad
526 ## - NOTA DE INFORMACIÓN SOBRE EL PROGRAMA DE ESTUDIO
Nombre del programa Ingeniería De Ciencia De Datos E Inteligencia Artificial
526 ## - NOTA DE INFORMACIÓN SOBRE EL PROGRAMA DE ESTUDIO
Nombre del programa Ingeniería De Software
526 ## - NOTA DE INFORMACIÓN SOBRE EL PROGRAMA DE ESTUDIO
Nombre del programa
526 ## - NOTA DE INFORMACIÓN SOBRE EL PROGRAMA DE ESTUDIO
Nombre del programa Comunicación Y Periodismo
526 ## - NOTA DE INFORMACIÓN SOBRE EL PROGRAMA DE ESTUDIO
Nombre del programa Maestría En Ingeniería De Sistemas Con Mención En Dirección Y Gestión De Tecnologías De Información (Semipresencial)
526 ## - NOTA DE INFORMACIÓN SOBRE EL PROGRAMA DE ESTUDIO
Nombre del programa Maestría En Ingeniería De Sistemas Con Mención En Dirección Y Gestión De Tecnologías De Información (A Distancia)
526 ## - NOTA DE INFORMACIÓN SOBRE EL PROGRAMA DE ESTUDIO
Nombre del programa Doctorado en ingeniería de sistemas
526 ## - NOTA DE INFORMACIÓN SOBRE EL PROGRAMA DE ESTUDIO
Nombre del programa Maestría en ingeniería de sistemas con mención en Ingeniería de software
526 ## - NOTA DE INFORMACIÓN SOBRE EL PROGRAMA DE ESTUDIO
Nombre del programa Maestría en ingeniería de sistemas con mención en Dirección y gestión de tecnologías de información
526 ## - NOTA DE INFORMACIÓN SOBRE EL PROGRAMA DE ESTUDIO
Nombre del programa Ingeniería de sistemas
526 ## - NOTA DE INFORMACIÓN SOBRE EL PROGRAMA DE ESTUDIO
Nombre del programa Educación secundaria, especialidad matemática e informática
596 ## -
-- 1
650 04 - PUNTO DE ACCESO ADICIONAL DE MATERIA--TÉRMINO DE MATERIA
Término de materia o nombre geográfico como elemento de entrada Filosofía
Subdivisión de forma Diccionarios.
910 ## - DATOS DE OPCIÓN DEL USUARIO (OCLC)
Datos de opción del usuario jck
-- jvq
-- jck
942 ## - ELEMENTOS DE ENTRADA SECUNDARIOS (KOHA)
Fuente del sistema de clasificación o colocación Clasificación Decimal Dewey
Tipo de ítem Koha
949 ## - PROCESAMIENTO DE INFORMACIÓN LOCAL (OCLC)
a RC 103 F39 2
w DEWEY
c 1
i 29744
l CCODEBUL1
m BUL
r 0
s Y
t BOOK
u 2015-8-28
x SALUD
z UNKNOWN
0 COMPRA
o .CIRCNOTE. No olvidar cambiar la fecha de devolución!!!!!!!
-- .STAFF. RC
949 ## - PROCESAMIENTO DE INFORMACIÓN LOCAL (OCLC)
a RC 103D F39 2
w DEWEY
c 1
i 39675
l CCODEBUL1
m BUL
r 0
s Y
t BOOK
u 2015-6-16
x TEOLOGIA
z UNKNOWN
0 COMPRA
o .CIRCNOTE. No olvidar cambiar la fecha de devolución!!!!!!!
-- .STAFF. Colección General
994 ## -
-- C0
-- PEPRU
999 ## - NÚMEROS DE CONTROL DE SISTEMA (KOHA)
-- DEWEY
-- 39675
-- 2021-11-8
-- 5
-- RCG
-- BUL
-- 1
-- Y
-- BOOK
-- 2015-6-16
-- BIBLIOTECA
-- UNKNOWN
-- COMPRA
-- .CIRCNOTE. No olvidar cambiar la fecha de devolución!!!!!!!
-- .STAFF. Colección General
999 ## - NÚMEROS DE CONTROL DE SISTEMA (KOHA)
-- DEWEY
-- 29744
-- 2019-12-11
-- 4
-- DISCARD
-- BUL
-- 0
-- Y
-- BOOK
-- 2015-8-28
-- SALUD
-- UNKNOWN
-- COMPRA
-- .CIRCNOTE. No olvidar cambiar la fecha de devolución!!!!!!!
-- .STAFF. RC
980 ## - EQUIVALENCIA O REFERENCIA-CRUZADA-MENCIÓN DE SERIE--NOMBRE DE PERSONA/TÍTULO [LOCAL, CANADÁ]
ID del último usuario que modificó el registro 1
Nombre del último usuario que modificó el registro ALBERTO SANCHEZ Responsable de Automatización
Existencias
Visto por última vez Número de inventario Total de préstamos Signatura topográfica completa Código de barras Copia número Fecha de reemplazo Facultad Tipo de ítem Koha Estado de pérdida Fuente del sistema de clasificación o colocación Restricciones de uso No para préstamo Colección Programa académico Biblioteca de origen Biblioteca actual Ubicación en estantería Fecha de adquisición Fuente de adquisición
2025-12-02 6   RC 103D F39 2 39675 e1 2015-06-16   Libros de referencia No Perdido Clasificación Decimal Dewey No restringido No disponible para préstamos Colección Referencia Teología Biblioteca CRAI UPeU Lima Biblioteca CRAI UPeU Lima Estante de Referencia 2015-06-16 COMPRA